000 00886cam a22002411 4500
001 ne 68001987
003 DLC
005 20260227111842.0
008 710901s1964 ir 00010 engr
010 _ane 68001987 //r965
040 _aDLC
_cDLC
_dDLC
050 0 0 _aPE1130.P4
_bN5
100 1 0 _aNīkpūrī, Muḥammad.
245 1 0 _aSentence structure in English.
_bJumlah-sāzī dar zabān-i Ingilīsī
_c[az] Muḥammad Nīkʹpūrī, Mahdī Amīn, Murtaz̤á Nabavī.
250 _aChāp-i 1.
260 0 _aTabrīz,
_bChāpkhānah-i Shafqa,
_c[1964 or 5]
300 _a8, 291 p.
_c22 cm.
650 0 _aEnglish language
_xTextbooks for foreign speakers
_xPersian.
650 0 _aEnglish language
_xSentences
_xProblems, exercises, etc.
700 1 0 _aAmīn, Mahdī,
_ejoint author.
700 1 0 _aNabavī, Murtaz̤ā,
_ejoint author.
740 0 1 _aJumlah-sāzī dar zabān-i Ingilīsī.
999 _c50409
_d50409